Global marketing : concepts, strategies, practice
Αποθηκεύτηκε σε:
| Κύριος συγγραφέας: | |
|---|---|
| Μορφή: | Βιβλίο |
| Γλώσσα: | English |
| Δημοσίευση: |
Cincinnati :
South-Western College Publishing ,
c1995
|
| Θέματα: | |
| Ετικέτες: |
Προσθήκη ετικέτας
Δεν υπάρχουν, Καταχωρήστε ετικέτα πρώτοι!
|
MARC
| LEADER | 00000nam a2200000 i 4500 | ||
|---|---|---|---|
| 001 | 1/54523 | ||
| 008 | 980407s1995 eng d | ||
| 020 | |a 0538831766 | ||
| 035 | |l 10027697 | ||
| 040 | |a GR-MY-UA |b gre |e aacr | ||
| 041 | 0 | |a eng | |
| 082 | 0 | |a 658.848 | |
| 100 | 1 | |a Akhter, Syed H. | |
| 245 | 1 | 0 | |a Global marketing : |b concepts, strategies, practice / |c Syed H. Akhter |
| 260 | |a Cincinnati : |b South-Western College Publishing , |c c1995 | ||
| 504 | |a Includes index | ||
| 650 | 0 | 0 | |a Export marketing. |
| 852 | |a INST |b CHIOS |e 19980407 |h 658.848 AKH |p 005200009578 |q 005200009578 |t BK |y 0 | ||
| 901 | |a BIBL-1998-1 | ||
| 909 | |a Χ |b 054546 | ||
| 922 | |a 2ΕΛΗ |b 199803 |c ΤΔΕ |d ΠΑΠΑΣΩΤΗΡΙΟΥ | ||